Phaetons Sturz - ein Naturereignis?
| Main Author: | |
|---|---|
| Format: | Print Book |
| Language: | German |
| Subito Delivery Service: | Order now. |
| Check availability: | HBZ Gateway |
| Interlibrary Loan: | Interlibrary Loan for the Fachinformationsdienste (Specialized Information Services in Germany) |
| Published: |
Berlin Heidelberg [u.a.]
Springer
1979
|
| In: |
Sitzungsberichte der Heidelberger Akademie der Wissenschaften, Mathematisch-Naturwissenschaftliche Klasse (1979,2)
Year: 1979 |
| Series/Journal: | Sitzungsberichte der Heidelberger Akademie der Wissenschaften, Mathematisch-Naturwissenschaftliche Klasse
1979,2 |
| Further subjects: | B
Meteorites
B Myth B Phaethon (Greek mythology) B Phaethon Deity B Natural catastrophe |
| Online Access: |
Cover |
MARC
| LEADER | 00000cam a2200000 c 4500 | ||
|---|---|---|---|
| 001 | 014003422 | ||
| 003 | DE-627 | ||
| 005 | 20251219201329.0 | ||
| 007 | tu | ||
| 008 | 840730s1979 gw ||||| 00| ||ger c | ||
| 010 | |a 84120241 | ||
| 015 | |a 79,A49,0807 |2 dnb | ||
| 016 | 7 | |a 790446669 |2 DE-101 | |
| 020 | |a 3540094415 |9 3-540-09441-5 | ||
| 020 | |a 0387094415 |9 0-387-09441-5 | ||
| 035 | |a (DE-627)014003422 | ||
| 035 | |a (DE-603)034381732 | ||
| 035 | |a (DE-576)006893880 | ||
| 035 | |a (DE-599)GBV014003422 | ||
| 035 | |a (DE-604)8061007579 | ||
| 040 | |a DE-627 |b ger |c DE-627 |e rakwb | ||
| 041 | |a ger | ||
| 044 | |c XA-DE |c XD-US | ||
| 050 | 0 | |a AS182 | |
| 050 | 0 | |a BL820.P53 | |
| 082 | 0 | |a 292/.13 | |
| 082 | 0 | |a s | |
| 082 | 0 | |a 500 | |
| 082 | 0 | |a 500 s | |
| 082 | 0 | |a 292.13 |q LoC |2 DDC19oclc | |
| 084 | |a 18a |2 sdnb | ||
| 084 | |a 18a |a 02a |a 07a |2 sdnb | ||
| 084 | |a AX 14000 |2 rvk |0 (DE-625)rvk/9107: | ||
| 100 | 1 | |0 (DE-588)116496207 |0 (DE-627)077992458 |0 (DE-576)160866995 |4 aut |a Engelhardt, Wolf von |d 1910-2008 | |
| 109 | |a Engelhardt, Wolf von 1910-2008 |a Engelhardt, W. v. 1910-2008 |a Engelhardt, Wolf Jürgen von 1910-2008 | ||
| 245 | 1 | 0 | |a Phaetons Sturz - ein Naturereignis? |c Wolf v. Engelhardt |
| 264 | 1 | |a Berlin |a Heidelberg [u.a.] |b Springer |c 1979 | |
| 300 | |a 43 S |b Ill | ||
| 336 | |a Text |b txt |2 rdacontent | ||
| 337 | |a ohne Hilfsmittel zu benutzen |b n |2 rdamedia | ||
| 338 | |a Band |b nc |2 rdacarrier | ||
| 361 | 1 | |5 DE-32 |y 556796500 |s 101098 - A |o Ausleihe |a Zentralbibliothek der Deutschen Klassik |0 (DE-588)2026814-2 |0 (DE-627)102240825 |0 (DE-576)191789739 |f Einlage: Zettel |f Lesedatum 1986-02-20 |f Stempel |z Zettel mit Lesedaten im Spiegel hinten augeklebt | |
| 490 | 1 | |a Sitzungsberichte der Heidelberger Akademie der Wissenschaften, Mathematisch-Naturwissenschaftliche Klasse |v 1979,2 | |
| 500 | |a Vorgelegt in der Sitzung vom 19. November 1977 | ||
| 583 | 1 | |a Archivierung/Langzeitarchivierung gewährleistet |f PEBW |x XA-DE-BW |2 pdager |5 DE-31 | |
| 583 | 1 | |a Archivierung/Langzeitarchivierung gewährleistet |f SSG |x XA-DE-BW |2 pdager |5 DE-21 | |
| 600 | 0 | 7 | |0 (DE-588)119243113 |0 (DE-627)69588090X |0 (DE-576)211765473 |a Phaethon |c Gott |2 gnd |
| 601 | |a Naturereignis | ||
| 650 | 0 | |a Phaethon (Greek mythology) | |
| 650 | 0 | 7 | |0 (DE-588)4075159-4 |0 (DE-627)104234989 |0 (DE-576)209196807 |a Mythos |2 gnd |
| 650 | 0 | 7 | |0 (DE-588)4038950-9 |0 (DE-627)10465872X |0 (DE-576)20903260X |a Meteorit |2 gnd |
| 650 | 0 | 7 | |0 (DE-588)4041387-1 |0 (DE-627)10475754X |0 (DE-576)209044675 |a Naturkatastrophe |2 gnd |
| 810 | 2 | |a Heidelberger Akademie der Wissenschaften |b Mathematisch-Naturwissenschaftliche Klasse |t Sitzungsberichte der Heidelberger Akademie der Wissenschaften, Mathematisch-Naturwissenschaftliche Klasse |v 1979,2 |9 1979,02 |w (DE-627)129517739 |w (DE-576)014929481 |w (DE-600)211661-3 |x 0073-1625 |7 am | |
| 856 | 4 | 2 | |u https://swbplus.bsz-bw.de/bsz006893880cov.jpg |m V:DE-576 |m X:springer |q image/jpeg |v 20151016110216 |3 Cover |7 1 |
| 889 | |w (DE-603)034381732 | ||
| 935 | |a mteo | ||
| 936 | r | v | |a AX 14000 |b Heidelberg |k Allgemeines |k Akademieserien, Periodika wissenschaftlicher Gesellschaften mit Akademiecharakter |k Deutschland |k Heidelberg |0 (DE-627)1270698583 |0 (DE-625)rvk/9107: |0 (DE-576)200698583 |
| 951 | |a BO | ||
| ELC | |b 1 | ||
| ITA | |a 1 |t 1 | ||
| LOK | |0 000 xxxxxcx a22 zn 4500 | ||
| LOK | |0 001 313465122X | ||
| LOK | |0 003 DE-627 | ||
| LOK | |0 004 014003422 | ||
| LOK | |0 005 20091224204408 | ||
| LOK | |0 008 040825||||||||||||||||ger||||||| | ||
| LOK | |0 040 |a DE-21 |c DE-627 |d DE-21 | ||
| LOK | |0 852 |a DE-21 | ||
| LOK | |0 852 1 |c Kc 206;MANA-1979/80 |m p |9 00 | ||
| LOK | |0 852 2 |b MST |9 00 | ||
| LOK | |0 852 1 |c nat S 50 |9 01 | ||
| LOK | |0 935 |a mols | ||
| LOK | |0 938 |k p | ||
| LOK | |0 939 |a 25-08-04 |b l01 | ||
| ORI | |a SA-MARC-ixtheoa001.raw | ||
| REL | |a 1 | ||
| STA | 0 | 0 | |a Meteorites,Myth,Myth,Mythos,Natural catastrophe,Natural catastrophe |
| STB | 0 | 0 | |a Catastrophe naturelle,Catastrophe naturelle,Mythe,Mythe,Météorites |
| STC | 0 | 0 | |a Catástrofe natural,Catástrofe natural,Meteoritos,Mito,Mito |
| STD | 0 | 0 | |a Catastrofe naturale,Catastrofe naturale,Meteorite,Meteoriti,Mito,Mito |
| STE | 0 | 0 | |a 神话,神话,自然灾害 |
| STF | 0 | 0 | |a 神話,神話,自然災害,隕石 |
| STG | 0 | 0 | |a Catástrofe natural,Catástrofe natural,Meteorito,Mito,Mito |
| STH | 0 | 0 | |a Метеорит,Миф (мотив),Миф,Стихийное бедствие (мотив),Стихийное бедствие |
| STI | 0 | 0 | |a Μετεωρίτης,Μύθος (μοτίβο),Μύθος,Φυσική καταστροφή (μοτίβο),Φυσική καταστροφή |
| SUB | |a REL | ||
| SYA | 0 | 0 | |a Phaeton,Gott |
| SYE | 0 | 0 | |a Mythe,Mythem,Mythus,Mythisierung,Mythologisierung,Mythen,Mythologie,Mythe,Mythem,Mythus,Mythisierung,Mythologisierung,Mythen , Meteorstein,Aerolith,Meteoriten , Naturkatastrophen |



